Cary's new universal atlas, containing distinct maps of all the principal states and kingdoms throughout the world from the latest and best authorities extant (Record no. 114178)
[ view plain ]
| 000 -LEADER | |
|---|---|
| fixed length control field | 00696cam a22001815a 4500 |
| 001 - CONTROL NUMBER | |
| control field | L156318 |
| 008 - FIXED-LENGTH DATA ELEMENTS--GENERAL INFORMATION | |
| fixed length control field | 120514s1808 xxk f 000 0 eng d |
| 035 ## - SYSTEM CONTROL NUMBER | |
| System control number | (Sirsi) u156318 |
| 041 0# - LANGUAGE CODE | |
| Language code of text/sound track or separate title | eng |
| 100 1# - MAIN ENTRY--PERSONAL NAME | |
| Personal name | Cary, John |
| Dates associated with a name | ca. 1754-1835 |
| 245 00 - TITLE STATEMENT | |
| Title | Cary's new universal atlas, containing distinct maps of all the principal states and kingdoms throughout the world from the latest and best authorities extant |
| 260 ## - PUBLICATION, DISTRIBUTION, ETC. | |
| Place of publication, distribution, etc. | London |
| Name of publisher, distributor, etc. | Printed for J. Cary, ... |
| Date of publication, distribution, etc. | 1808 |
| 300 ## - PHYSICAL DESCRIPTION | |
| Extent | 1 atlas ([8] p., [71] leaves of plates (some folded)) |
| Other physical details | 60 maps, col. |
| Dimensions | 51 x 58 cm. |
| 583 ## - ACTION NOTE | |
| Action | Condition reviewed |
| Time/date of action | 20110620 |
| Status | condition level 4 |
| 651 #4 - SUBJECT ADDED ENTRY--GEOGRAPHIC NAME | |
| Geographic name | International |
| 690 ## - LOCAL SUBJECT ADDED ENTRY--TOPICAL TERM (OCLC, RLIN) | |
| Topical term or geographic name as entry element | Geomatics |
| 9 (RLIN) | 6242 |
| 942 ## - ADDED ENTRY ELEMENTS (KOHA) | |
| Suppress in OPAC | 0 |
| Withdrawn status | Lost status | Source of classification or shelving scheme | Damaged status | Not for loan | Home library | Current library | Shelving location | Date acquired | Total Checkouts | Full call number | Barcode | Date last seen | Copy number | Price effective from | Koha item type |
|---|---|---|---|---|---|---|---|---|---|---|---|---|---|---|---|
| Dewey Decimal Classification | Historic collection | Historic collection | Historic collection | 14/05/2012 | ATLAS 1808 CARY | 30077033 | 06/08/2019 | 1 | 06/08/2019 | Book |